| 000 | 00348 a2200157 4500 | ||
|---|---|---|---|
| 001 | 16886 | ||
| 020 | _a9788572087292 | ||
| 040 | _cAnchieta - Bela Vista | ||
| 100 | _aFantini, Sérgio | ||
| 240 | 1 | 0 |
_aA baleia Conceição _lpor |
| 245 | 1 | 0 | _aA baleia Conceição |
| 300 | _a27 | ||
| 362 | 0 | _a2011 | |
| 650 | 4 | _aLiteratura infantil | |
| 942 | _cBK | ||
| 999 |
_c16886 _d16886 |
||